000 00629nam a2200241Ia 4500
003 OSt
005 20220928123939.0
006 a|||||r|||| 00| 0
007 ta
008 220927b |||||||| |||| 00| 0 eng d
024 _a69845
037 _cTextual
040 _aSDCL
_cSDCL
_beng
041 _2eng
_aeng
082 _aR66, P6
100 _aMahadevan TMP
_9462463
245 0 _aPhilosophy of Advaita.
260 _aDelhi
_bBharatiya Kala Prakashan
_c2006
300 _axv,256p.
_ccm.
650 _aAdvaita-Philosophy
_9406747
942 _hR66, P6
_cTEXL
_2CC
999 _c775448
_d775448